[Event "CAN-ch U1900"]
[Site "Kingston CAN"]
[Date "2019.04.19"]
[Round "3.26"]
[White "Bond, Hal"]
[Black "Hua, Michelle"]
[Result "1/2-1/2"]
[WhiteElo "1644"]
[BlackElo "1815"]
[PlyCount "44"]
[EventDate "2019.04.18"]
[EventType "swiss"]
[EventRounds "9"]
[EventCountry "CAN"]

1. e4 c5 2. d4 cxd4 3. c3 dxc3 4. Nxc3 Nc6 5. Nf3 d6 6. Bc4 Nf6 7. O-O e6 8.
Qe2 Be7 9. Rd1 e5 10. Be3 O-O 11. Rac1 Bg4 12. h3 Bh5 13. g4 Bg6 14. Bc5 a6 15.
Qe3 b5 16. Bb6 Qd7 17. Bd5 Nxd5 18. Nxd5 Kh8 19. Nxe7 Nxe7 20. Nxe5 Qe6 21.
Nxg6+ Nxg6 22. b3 Rfe8 1/2-1/2

[Event "CAN-ch U1900"]
[Site "Kingston CAN"]
[Date "2019.04.19"]
[Round "3.27"]
[White "Xie, Austin"]
[Black "Sharma, Vishruth"]
[Result "1-0"]
[WhiteElo "1750"]
[BlackElo "1745"]
[PlyCount "73"]
[EventDate "2019.04.18"]
[EventType "swiss"]
[EventRounds "9"]
[EventCountry "CAN"]

1. e4 e5 2. Nf3 Nc6 3. Bc4 Bc5 4. c3 Nf6 5. d3 O-O 6. Bg5 Be7 7. Nbd2 d6 8. h3
Na5 9. Bb5 a6 10. Ba4 b5 11. Bc2 c5 12. Nf1 Nh5 13. Be3 Nf4 14. Bxf4 exf4 15.
Qd2 f5 16. Qxf4 fxe4 17. Qxe4 d5 18. Qe2 b4 19. Ng3 Bf6 20. Qd2 bxc3 21. bxc3
Re8+ 22. Ne2 Qe7 23. Bd1 c4 24. d4 Qa3 25. O-O Rb8 26. Bc2 Rb2 27. Nf4 Bf5 28.
Rac1 Rxa2 29. Rfe1 Rxe1+ 30. Qxe1 Bxc2 31. Qe6+ Kf8 32. Qc8+ Kf7 33. Re1 Be4
34. Qe6+ Kf8 35. Nxd5 Bg6 36. Qc8+ Kf7 37. Qe8# 1-0

[Event "CAN-ch U1900"]
[Site "Kingston CAN"]
[Date "2019.04.19"]
[Round "3.28"]
[White "Xiao, Edward"]
[Black "Hsu, Ted"]
[Result "1-0"]
[WhiteElo "1572"]
[BlackElo "1732"]
[PlyCount "101"]
[EventDate "2019.04.18"]
[EventType "swiss"]
[EventRounds "9"]
[EventCountry "CAN"]

1. d4 d5 2. c4 c6 3. e3 Nf6 4. Nc3 a6 5. Nf3 Bf5 6. Qb3 b5 7. cxd5 cxd5 8. Ne5
e6 9. Bd3 Bxd3 10. Nxd3 Nbd7 11. a3 Bd6 12. Bd2 O-O 13. h3 Qe7 14. O-O Nb6 15.
Qa2 Rfc8 16. b4 Nc4 17. Nc5 Bc7 18. e4 dxe4 19. N5xe4 Nxd2 20. Qxd2 Rd8 21.
Rfd1 Rac8 22. Nc5 Qd6 23. g3 Qb6 24. Qe3 Nd5 25. Nxd5 Rxd5 26. Rac1 h6 27. Rd3
Bd8 28. Kh2 Bg5 29. f4 Bf6 30. Nd7 Qd8 31. Rxc8 Qxc8 32. Nb6 Qd8 33. Nxd5 Qxd5
34. Qc1 Qe4 35. Rd2 g5 36. fxg5 Bxg5 37. Qc8+ Kg7 38. Qc2 Qd5 39. Re2 Bf6 40.
Qe4 Qb3 41. Rg2 Qd1 42. Qf4 Qxd4 43. Qxd4 Bxd4 44. Rc2 e5 45. Rc6 e4 46. Kg2 f6
47. Rxa6 Kg6 48. Ra5 e3 49. Kf3 h5 50. Rxb5 f5 51. a4 1-0

[Event "CAN-ch U1900"]
[Site "Kingston CAN"]
[Date "2019.04.19"]
[Round "3.29"]
[White "Groot-Lipman, Jeff"]
[Black "Landstrom, William"]
[Result "1-0"]
[WhiteElo "1848"]
[BlackElo "1583"]
[PlyCount "91"]
[EventDate "2019.04.18"]
[EventType "swiss"]
[EventRounds "9"]
[EventCountry "CAN"]

1. e4 d6 2. d4 Nf6 3. Nc3 e5 4. f4 exd4 5. Qxd4 Nc6 6. Bb5 Bd7 7. Qd3 Qe7 8.
Nf3 a6 9. Bc4 Nb4 10. Qe2 d5 11. Bb3 Bg4 12. e5 Nd7 13. a3 d4 14. axb4 dxc3 15.
bxc3 c5 16. Bd2 Qd8 17. h3 Bxf3 18. Qxf3 Be7 19. e6 fxe6 20. Bxe6 Qb6 21. Bxd7+
Kxd7 22. Be3 Rae8 23. O-O g6 24. Rad1+ Kc7 25. Rd5 Kb8 26. Rfd1 Qf6 27. Rd7 Qb6
28. Rxe7 Rxe7 29. Bxc5 Qe6 30. Bxe7 Qxe7 31. Rd5 Rc8 32. Re5 Qd6 33. Rd5 Qe6
34. Rd3 Qe1+ 35. Qf1 Qe6 36. Qf3 Qe1+ 37. Kh2 Qe6 38. Qe3 Qf7 39. Qf3 Qe6 40.
Rd4 Qf7 41. Qd3 Qf6 42. c4 g5 43. Qe4 gxf4 44. Qxf4+ Qxf4+ 45. Rxf4 Rc7 46. c3
1-0

[Event "CAN-ch U1900"]
[Site "Kingston CAN"]
[Date "2019.04.19"]
[Round "3.30"]
[White "Balasooriya, Randika"]
[Black "Durhan, Batuhan"]
[Result "1-0"]
[WhiteElo "1828"]
[BlackElo "1661"]
[PlyCount "79"]
[EventDate "2019.04.18"]
[EventType "swiss"]
[EventRounds "9"]
[EventCountry "CAN"]

1. e4 e5 2. Nf3 Nc6 3. Bb5 a6 4. Ba4 Nf6 5. O-O Be7 6. Re1 b5 7. Bb3 O-O 8. c3
d5 9. exd5 Nxd5 10. Nxe5 Nxe5 11. Rxe5 c6 12. d4 Bd6 13. Re1 Qh4 14. g3 Qh3 15.
Bxd5 cxd5 16. Qf3 Bf5 17. Qg2 Qh5 18. f3 Bh3 19. Qf2 f5 20. Bd2 Rf6 21. Na3 Rg6
22. f4 Qh4 23. Kh1 Qf6 24. Re3 h5 25. Rae1 h4 26. Nc2 hxg3 27. Rxg3 Qh4 28.
Reg1 Bg4 29. Ne1 Re8 30. Be3 Rh6 31. Nd3 Rxe3 32. Rxe3 Qxf2 33. Nxf2 Bxf4 34.
Nxg4 fxg4 35. Re2 g3 36. Kg2 gxh2 37. Rh1 Rg6+ 38. Kf3 Bg3 39. Rg2 Rf6+ 40.
Kxg3 1-0

[Event "CAN-ch U1900"]
[Site "Kingston CAN"]
[Date "2019.04.19"]
[Round "3.31"]
[White "Krolczyk, Jacob"]
[Black "Srinivas, Atharva"]
[Result "1/2-1/2"]
[WhiteElo "1783"]
[BlackElo "1683"]
[PlyCount "62"]
[EventDate "2019.04.18"]
[EventType "swiss"]
[EventRounds "9"]
[EventCountry "CAN"]

1. Nf3 d5 2. d3 Nf6 3. g3 Bf5 4. Bg2 e6 5. Nh4 Bg4 6. O-O Bd6 7. Qe1 O-O 8. Nd2
Be7 9. e4 dxe4 10. dxe4 Nc6 11. c3 Bc5 12. Nb3 Bb6 13. Be3 e5 14. Bxb6 axb6 15.
Nf5 Bxf5 16. exf5 Qe7 17. Qe2 Rfd8 18. Rfe1 Re8 19. a3 Rad8 20. g4 h6 21. Nd2
Nxg4 22. h3 Nf6 23. Be4 Nh7 24. Nf3 Ng5 25. Kh2 Nxe4 26. Qxe4 Qc5 27. Rg1 Qd6
28. Rg3 Kh8 29. Rag1 Rg8 30. b4 b5 31. Qh4 Qf6 1/2-1/2

[Event "CAN-ch U1900"]
[Site "Kingston CAN"]
[Date "2019.04.19"]
[Round "3.32"]
[White "Ramesh, Sanjay"]
[Black "Laurin, Marcel"]
[Result "1-0"]
[WhiteElo "1777"]
[BlackElo "1680"]
[PlyCount "43"]
[EventDate "2019.04.18"]
[EventType "swiss"]
[EventRounds "9"]
[EventCountry "CAN"]

1. d4 b6 2. e4 Bb7 3. Nc3 d6 4. Nf3 Nd7 5. Bc4 e6 6. O-O h6 7. Re1 g5 8. Be3
Ne7 9. Nd2 Ng6 10. Qe2 a6 11. Qh5 Nf6 12. Qe2 b5 13. Bxb5+ c6 14. Ba4 Ke7 15.
e5 dxe5 16. dxe5 Nd7 17. Nc4 Qc7 18. Rad1 Ngxe5 19. Bd4 Bg7 20. Nxe5 Nxe5 21.
Bxe5 Bxe5 22. Qxe5 1-0

[Event "CAN-ch U1900"]
[Site "Kingston CAN"]
[Date "2019.04.19"]
[Round "3.33"]
[White "Frangakis, Evan"]
[Black "Perkins, Simon"]
[Result "0-1"]
[WhiteElo "1547"]
[BlackElo "1753"]
[PlyCount "82"]
[EventDate "2019.04.18"]
[EventType "swiss"]
[EventRounds "9"]
[EventCountry "CAN"]

1. d4 e6 2. c4 f5 3. Nc3 Nf6 4. Bg5 c6 5. a3 d5 6. e3 Be7 7. Bd3 O-O 8. Nge2
Nbd7 9. Nf4 Nb8 10. c5 Ne4 11. Bxe7 Qxe7 12. Nfe2 Nd7 13. f3 Nxc3 14. Nxc3 e5
15. O-O exd4 16. exd4 Qe3+ 17. Kh1 Qxd4 18. Ne2 Qxc5 19. Nf4 Ne5 20. Bc2 Bd7
21. Rc1 Qd6 22. Re1 Rae8 23. Qd4 b6 24. Bb3 g5 25. Ne2 Rf6 26. f4 Ng4 27. h3
Re4 28. Qd2 Rh6 29. Kg1 Ne3 30. Nc3 gxf4 31. Nxe4 fxe4 32. Re2 Rg6 33. Kh1 Kh8
34. Qd4+ Kg8 35. Qxe4 Nf5 36. Qe5 Qf8 37. Rd2 Re6 38. Qxf4 Re4 39. Qf3 Re3 40.
Qg4+ Kh8 41. Bc2 Ng3+ 0-1

[Event "CAN-ch U1900"]
[Site "Kingston CAN"]
[Date "2019.04.19"]
[Round "3.34"]
[White "Masse-Garneau, Anthony"]
[Black "Dickson, Raymond"]
[Result "1/2-1/2"]
[WhiteElo "1742"]
[BlackElo "1594"]
[PlyCount "60"]
[EventDate "2019.04.18"]
[EventType "swiss"]
[EventRounds "9"]
[EventCountry "CAN"]

1. c4 e6 2. Nc3 d5 3. e3 c6 4. Nf3 Bd6 5. d4 Nd7 6. c5 Bc7 7. b4 f5 8. h4 Ngf6
9. h5 Ne4 10. Nxe4 fxe4 11. Nd2 O-O 12. Be2 Qf6 13. f4 exf3 14. Nxf3 Bg3+ 15.
Kd2 e5 16. Kc3 e4 17. Nd2 Qf2 18. Nb3 Qxg2 19. Bg4 Nxc5 20. bxc5 Bxg4 21. Rg1
Qf2 22. Qxg4 Qxg1 23. Bd2 Qh2 24. h6 g6 25. Qe6+ Rf7 26. Rf1 Raf8 27. Rxf7 Rxf7
28. Qe8+ Rf8 29. Qe6+ Rf7 30. Qe8+ Rf8 1/2-1/2

[Event "CAN-ch U1900"]
[Site "Kingston CAN"]
[Date "2019.04.19"]
[Round "3.35"]
[White "Lemieux, Richard"]
[Black "Dong, Yiwei"]
[Result "0-1"]
[WhiteElo "1802"]
[BlackElo "1595"]
[PlyCount "44"]
[EventDate "2019.04.18"]
[EventType "swiss"]
[EventRounds "9"]
[EventCountry "CAN"]

1. e4 e6 2. Nc3 d5 3. exd5 exd5 4. d4 Nc6 5. Nf3 Be6 6. Bb5 Bd6 7. O-O Nge7 8.
Re1 O-O 9. Ng5 Bf5 10. Be3 a6 11. Bxc6 bxc6 12. h3 f6 13. Nf3 Qd7 14. Kf1 Rab8
15. Rb1 Ng6 16. Qd2 Rfe8 17. Na4 Bxh3 18. Nc5 Bxc5 19. dxc5 Bxg2+ 20. Kxg2 Qg4+
21. Kh2 Qxf3 22. Bd4 Nf4 0-1

[Event "CAN-ch U1900"]
[Site "Kingston CAN"]
[Date "2019.04.19"]
[Round "3.36"]
[White "Page, Dany"]
[Black "Lesage, Pierre"]
[Result "1/2-1/2"]
[WhiteElo "1740"]
[BlackElo "1676"]
[PlyCount "51"]
[EventDate "2019.04.18"]
[EventType "swiss"]
[EventRounds "9"]
[EventCountry "CAN"]

1. b3 d5 2. Bb2 Nc6 3. Nf3 Nf6 4. e3 e6 5. c4 dxc4 6. Bxc4 Na5 7. Be2 c5 8. Na3
Be7 9. O-O O-O 10. Nc2 Nc6 11. d4 cxd4 12. Ncxd4 Nxd4 13. Bxd4 Nd7 14. Qc2 Bf6
15. Rfd1 Qe7 16. Qc7 Re8 17. Bxf6 Nxf6 18. Qxe7 Rxe7 19. Rd8+ Re8 20. Rxe8+
Nxe8 21. Rd1 Kf8 22. Bb5 Ke7 23. Ng5 Nd6 24. Be2 h6 25. Nf3 Bd7 26. Rc1 1/2-1/2

[Event "CAN-ch U1900"]
[Site "Kingston CAN"]
[Date "2019.04.19"]
[Round "3.37"]
[White "Dupont-Mageau, Nicolas"]
[Black "Stopic, Alexander"]
[Result "1/2-1/2"]
[WhiteElo "1459"]
[BlackElo "1689"]
[PlyCount "101"]
[EventDate "2019.04.18"]
[EventType "swiss"]
[EventRounds "9"]
[EventCountry "CAN"]

1. e4 c6 2. d4 d5 3. Nc3 dxe4 4. Nxe4 Bf5 5. Ng3 Bg6 6. Nf3 h6 7. Bc4 Nd7 8.
Qe2 e6 9. O-O Bd6 10. c3 Qc7 11. Bd2 Ngf6 12. Rae1 O-O 13. Ne5 Bxe5 14. dxe5
Nd5 15. Kh1 N5b6 16. f4 Nxc4 17. Qxc4 Rad8 18. Rf2 Nb6 19. Qe2 Bd3 20. Qg4 Nc4
21. Bc1 Qb6 22. Qf3 Qa5 23. b3 Nb6 24. Rd1 Bg6 25. Rfd2 Nd5 26. c4 Nc3 27. Rxd8
Rxd8 28. Rxd8+ Qxd8 29. a3 Qd3 30. Qxd3 Bxd3 31. c5 b6 32. cxb6 axb6 33. b4 b5
34. Kg1 f6 35. exf6 gxf6 36. Kf2 Ne4+ 37. Nxe4 Bxe4 38. g3 f5 39. Ke3 Kf7 40.
Bb2 Kg6 41. Kf2 Kh5 42. Bg7 Kg6 43. Bb2 h5 44. h4 Kf7 45. Ke3 Ke7 46. Kd4 Kd6
47. Bc1 Bg2 48. Bb2 Bf1 49. Bc3 Bc4 50. Bb2 Bf1 51. Bc3 1/2-1/2

[Event "CAN-ch U1900"]
[Site "Kingston CAN"]
[Date "2019.04.19"]
[Round "3.38"]
[White "Dickaon, Kirk Johannes"]
[Black "Samuel, Victor"]
[Result "0-1"]
[WhiteElo "1682"]
[BlackElo "1632"]
[PlyCount "46"]
[EventDate "2019.04.18"]
[EventType "swiss"]
[EventRounds "9"]
[EventCountry "CAN"]

1. d4 Nf6 2. e3 g6 3. Bd3 Bg7 4. f4 O-O 5. Nf3 c5 6. c3 d6 7. O-O Nc6 8. Nbd2
cxd4 9. exd4 e5 10. Bb5 exd4 11. c4 Ng4 12. Re1 Ne3 13. Qb3 Na5 14. Qd3 Bf5 15.
Ne4 a6 16. Nxd4 axb5 17. Rxe3 bxc4 18. Qd1 Bxe4 19. Rxe4 d5 20. Re2 Qb6 21. Be3
Rfe8 22. Nf5 d4 23. Nxg7 Rxe3 0-1

[Event "CAN-ch U1900"]
[Site "Kingston CAN"]
[Date "2019.04.20"]
[Round "4.26"]
[White "Bond, Hal"]
[Black "Kuryliw, Ray"]
[Result "1/2-1/2"]
[WhiteElo "1644"]
[BlackElo "1885"]
[PlyCount "35"]
[EventDate "2019.04.18"]
[EventType "swiss"]
[EventRounds "9"]
[EventCountry "CAN"]

1. e4 Nf6 2. e5 Nd5 3. d4 d6 4. c4 Nb6 5. f4 g6 6. Nf3 Bg7 7. Nc3 O-O 8. Be2
Bg4 9. O-O c6 10. Be3 d5 11. c5 Nc8 12. b4 e6 13. Qb3 a6 14. a4 Ne7 15. b5 Bxf3
16. Bxf3 Nf5 17. Bf2 Qc7 18. Bg4 1/2-1/2

[Event "CAN-ch U1900"]
[Site "Kingston CAN"]
[Date "2019.04.20"]
[Round "4.27"]
[White "Phillips, Brian"]
[Black "Xie, Austin"]
[Result "1/2-1/2"]
[WhiteElo "1654"]
[BlackElo "1750"]
[PlyCount "82"]
[EventDate "2019.04.18"]
[EventType "swiss"]
[EventRounds "9"]
[EventCountry "CAN"]

1. e4 e6 2. d3 c5 3. f4 Nc6 4. Nc3 d5 5. e5 g6 6. Nf3 h5 7. Bd2 Bg7 8. Qe2 Nge7
9. O-O-O a6 10. Qf2 b6 11. Be2 Bb7 12. Ng5 Qc7 13. h4 Nf5 14. g4 hxg4 15. Bxg4
Nfd4 16. h5 O-O-O 17. hxg6 Nb4 18. Nxf7 Rxh1 19. Rxh1 Rd7 20. Nd6+ Kb8 21. Rh7
Ndxc2 22. Be2 Nd4 23. Qh2 b5 24. Rxg7 Rxg7 25. Ne8 Qe7 26. Nxg7 Qxg7 27. Qh7
Nf5 28. a3 Nc6 29. Bg4 Nce7 30. Bxf5 Nxf5 31. Be1 Bc6 32. Bh4 Be8 33. Qxg7 Nxg7
34. Bf6 Nf5 35. g7 Bf7 36. Na2 Kc7 37. b4 Kc6 38. bxc5 a5 39. Bd8 Nxg7 40. Bxa5
Kxc5 41. Bd2 Nf5 1/2-1/2

[Event "CAN-ch U1900"]
[Site "Kingston CAN"]
[Date "2019.04.20"]
[Round "4.28"]
[White "Xiao, Edward"]
[Black "Balasooriya, Randika"]
[Result "0-1"]
[WhiteElo "1572"]
[BlackElo "1828"]
[PlyCount "80"]
[EventDate "2019.04.18"]
[EventType "swiss"]
[EventRounds "9"]
[EventCountry "CAN"]

1. d4 Nf6 2. c4 e6 3. Nf3 c5 4. Bg5 cxd4 5. Nxd4 Qa5+ 6. Bd2 Qb6 7. Nb3 a5 8.
a4 Ne4 9. e3 Nxd2 10. N1xd2 Bb4 11. Nd4 Na6 12. Be2 e5 13. Nb5 Nc5 14. O-O Bxd2
15. Qxd2 Nb3 16. Qd6 Qxd6 17. Nxd6+ Ke7 18. Rad1 Nc5 19. Rd5 Nxa4 20. b3 Nc3
21. Nxc8+ Rhxc8 22. Rd2 Nxe2+ 23. Rxe2 a4 24. Rb2 a3 25. Rd2 Rc6 26. Rd5 d6 27.
f4 f6 28. Rb5 Ra7 29. f5 Kd8 30. Kf2 Kc7 31. Kf3 Rb6 32. Rxb6 Kxb6 33. Ke4 a2
34. Ra1 Kc5 35. Kd3 Kb4 36. Kc2 Ka3 37. Kc3 b5 38. cxb5 Rc7+ 39. Kd2 Kb2 40. b6
Rb7 0-1

[Event "CAN-ch U1900"]
[Site "Kingston CAN"]
[Date "2019.04.20"]
[Round "4.29"]
[White "Perkins, Simon"]
[Black "Groot-Lipman, Jeff"]
[Result "0-1"]
[WhiteElo "1753"]
[BlackElo "1848"]
[PlyCount "76"]
[EventDate "2019.04.18"]
[EventType "swiss"]
[EventRounds "9"]
[EventCountry "CAN"]

1. d4 e6 2. Nf3 f5 3. c4 Nf6 4. Nc3 Be7 5. g3 d6 6. Qc2 Nc6 7. Bg2 O-O 8. O-O
e5 9. dxe5 dxe5 10. Rd1 Qe8 11. Nd5 Bd8 12. b3 e4 13. Ne1 Ne5 14. Bb2 c6 15.
Nc3 Bc7 16. Rd2 Qh5 17. Ba3 Re8 18. Bd6 e3 19. fxe3 Neg4 20. Nf3 Bxd6 21. Rxd6
Nxe3 22. Qd3 Nxg2 23. Kxg2 Ne4 24. Rd4 Nxc3 25. Qxc3 Rxe2+ 26. Kf1 Re8 27. Rad1
g5 28. Kf2 Be6 29. Rd6 g4 30. Nh4 Qf7 31. Ng2 Qh5 32. Kg1 Qf7 33. Nf4 Re7 34.
R1d3 Rae8 35. Qd2 Bc8 36. Qc3 Re1+ 37. Kf2 Qe7 38. c5 Qe2+ 0-1

[Event "CAN-ch U1900"]
[Site "Kingston CAN"]
[Date "2019.04.20"]
[Round "4.30"]
[White "Hua, Michelle"]
[Black "Ramesh, Sanjay"]
[Result "1/2-1/2"]
[WhiteElo "1815"]
[BlackElo "1777"]
[PlyCount "60"]
[EventDate "2019.04.18"]
[EventType "swiss"]
[EventRounds "9"]
[EventCountry "CAN"]

1. c4 e5 2. g3 Nc6 3. Bg2 f5 4. Nc3 Nf6 5. e3 Bb4 6. Nge2 O-O 7. O-O d6 8. d4
Bxc3 9. Nxc3 a6 10. a3 Qe8 11. b4 Qg6 12. d5 Ne7 13. Qc2 Nh5 14. Bd2 Qg4 15. f4
e4 16. Bc1 Nf6 17. a4 c6 18. Qd2 cxd5 19. cxd5 Qh5 20. Ba3 Qe8 21. Rfd1 b6 22.
Qd4 Qd8 23. Bf1 Bb7 24. Bc4 Rc8 25. Bb3 h5 26. Bb2 h4 27. Kg2 Ng6 28. Ne2 Ne7
29. Nc3 Ng6 30. Ne2 Ne7 1/2-1/2

[Event "CAN-ch U1900"]
[Site "Kingston CAN"]
[Date "2019.04.20"]
[Round "4.31"]
[White "Dong, Yiwei"]
[Black "Krolczyk, Jacob"]
[Result "1/2-1/2"]
[WhiteElo "1595"]
[BlackElo "1783"]
[PlyCount "54"]
[EventDate "2019.04.18"]
[EventType "swiss"]
[EventRounds "9"]
[EventCountry "CAN"]

1. d4 d5 2. Nf3 Nf6 3. Bf4 Nbd7 4. e3 Nh5 5. Bg3 Nxg3 6. hxg3 Nf6 7. Nbd2 c5 8.
c3 cxd4 9. exd4 g6 10. Be2 Bg7 11. Qb3 O-O 12. Ne5 Qc7 13. f4 Be6 14. Bf3 Ne4
15. Nf1 Bxe5 16. fxe5 b5 17. Bxe4 dxe4 18. Qc2 b4 19. Rc1 bxc3 20. bxc3 Rac8
21. Ne3 Qa5 22. O-O Bc4 23. Nxc4 Rxc4 24. Qxe4 Rxc3 25. Rxc3 Qxc3 26. Qf4 e6
27. Kh2 a5 1/2-1/2

[Event "CAN-ch U1900"]
[Site "Kingston CAN"]
[Date "2019.04.20"]
[Round "4.32"]
[White "Sharma, Vishruth"]
[Black "Srinivas, Atharva"]
[Result "1-0"]
[WhiteElo "1745"]
[BlackElo "1683"]
[PlyCount "117"]
[EventDate "2019.04.18"]
[EventType "swiss"]
[EventRounds "9"]
[EventCountry "CAN"]

1. e4 e5 2. Nf3 Nc6 3. d4 exd4 4. Nxd4 Bc5 5. Be3 Qf6 6. c3 Nge7 7. Bc4 d6 8.
O-O Bb6 9. Nb5 O-O 10. Bxb6 cxb6 11. Qxd6 Qxd6 12. Nxd6 Ne5 13. Be2 Rd8 14. Rd1
N7g6 15. Na3 a6 16. Nac4 Nd7 17. Bg4 Ngf8 18. Rd4 g6 19. Rad1 Rb8 20. Ne3 Nc5
21. Nxc8 Rdxc8 22. Bxc8 Rxc8 23. Nd5 Rb8 24. Nxb6 Re8 25. Nd5 Re6 26. Kf1 Kg7
27. f3 Nfd7 28. b4 Na4 29. Nc7 Ndb6 30. Nxe6+ fxe6 31. c4 Nb2 32. Rc1 e5 33. c5
exd4 34. cxb6 d3 35. Rc7+ Kf6 36. Ke1 Ke5 37. Rxb7 Kd6 38. Rxh7 d2+ 39. Kxd2
Nc4+ 40. Kd3 Nxb6 41. Rh6 Kc7 42. Rxg6 Kb7 43. Rxb6+ Kxb6 44. h4 a5 45. bxa5+
Kxa5 46. h5 Kb6 47. h6 Kc6 48. h7 Kd6 49. h8=Q Ke6 50. f4 Kd6 51. Qc8 Ke7 52.
f5 Kd6 53. Kd4 Ke7 54. f6+ Kxf6 55. e5+ Ke7 56. e6 Kf6 57. Qg8 Ke7 58. Qf7+ Kd8
59. Qd7# 1-0

[Event "CAN-ch U1900"]
[Site "Kingston CAN"]
[Date "2019.04.20"]
[Round "4.33"]
[White "Landstrom, William"]
[Black "Masse-Garneau, Anthony"]
[Result "1-0"]
[WhiteElo "1583"]
[BlackElo "1742"]
[PlyCount "61"]
[EventDate "2019.04.18"]
[EventType "swiss"]
[EventRounds "9"]
[EventCountry "CAN"]

1. e4 g6 2. d4 d6 3. Nf3 Nd7 4. Bc4 e6 5. Nc3 h6 6. Be3 Bg7 7. Qd2 Ne7 8. h3 b6
9. Rd1 Bb7 10. Nh2 d5 11. exd5 Nxd5 12. Nxd5 Bxd5 13. Bxd5 exd5 14. O-O g5 15.
f4 f6 16. Qd3 O-O 17. Qf5 Nb8 18. Ng4 Qd6 19. Qg6 f5 20. Nxh6+ Kh8 21. Nf7+
Rxf7 22. Qxf7 Nc6 23. fxg5 Rf8 24. Qh5+ Kg8 25. g6 Rf6 26. Qh7+ Kf8 27. Bh6
Rxg6 28. Bxg7+ Ke8 29. Rde1+ Kd8 30. Qg8+ Kd7 31. Qe8# 1-0

[Event "CAN-ch U1900"]
[Site "Kingston CAN"]
[Date "2019.04.20"]
[Round "4.34"]
[White "Hsu, Ted"]
[Black "Dickson, Raymond"]
[Result "1-0"]
[WhiteElo "1732"]
[BlackElo "1594"]
[PlyCount "93"]
[EventDate "2019.04.18"]
[EventType "swiss"]
[EventRounds "9"]
[EventCountry "CAN"]

1. d4 d5 2. Bf4 e6 3. e3 Bd6 4. Bg3 c6 5. Nf3 f5 6. c4 Nf6 7. Nc3 O-O 8. Bd3
Ne4 9. Bxd6 Qxd6 10. Qb3 Nd7 11. cxd5 cxd5 12. O-O a6 13. a4 Ndf6 14. h3 Rb8
15. Rfc1 Bd7 16. Ne5 Bc6 17. Rc2 Nd7 18. Nxd7 Qxd7 19. Nxe4 fxe4 20. Bf1 Rbe8
21. Qb6 Rc8 22. b4 Ra8 23. Rac1 Qf7 24. b5 axb5 25. axb5 Be8 26. Qc7 Qxc7 27.
Rxc7 Ra2 28. R1c2 Rxc2 29. Rxc2 Bf7 30. Rc7 Rb8 31. Kh2 b6 32. Kg3 g5 33. f4
exf3 34. gxf3 Kg7 35. h4 gxh4+ 36. Kxh4 Kf6 37. Bh3 Bg6 38. Rc6 Bf5 39. Bg4 Rb7
40. Bxf5 Kxf5 41. Rc8 Kf6 42. Kh5 Kg7 43. Kg5 Kf7 44. Rc6 Ke7 45. f4 Kf7 46. f5
exf5 47. Kxf5 1-0

[Event "CAN-ch U1900"]
[Site "Kingston CAN"]
[Date "2019.04.20"]
[Round "4.35"]
[White "Durhan, Batuhan"]
[Black "Page, Dany"]
[Result "1/2-1/2"]
[WhiteElo "1661"]
[BlackElo "1740"]
[PlyCount "43"]
[EventDate "2019.04.18"]
[EventType "swiss"]
[EventRounds "9"]
[EventCountry "CAN"]

1. e4 c5 2. Nf3 d6 3. d4 cxd4 4. Nxd4 Nf6 5. Nc3 a6 6. Bg5 e6 7. f4 h6 8. Bh4
Qb6 9. Bxf6 gxf6 10. Rb1 Bd7 11. Qd2 Nc6 12. Nf3 Be7 13. Bd3 Nd4 14. Qf2 Nxf3+
15. Qxf3 Bc6 16. Qf2 Qxf2+ 17. Kxf2 Rg8 18. Rhe1 Bd8 19. g3 Bb6+ 20. Kf1 h5 21.
Nd5 Bd8 22. Ne3 1/2-1/2

[Event "CAN-ch U1900"]
[Site "Kingston CAN"]
[Date "2019.04.20"]
[Round "4.36"]
[White "Stopic, Alexander"]
[Black "Samuel, Victor"]
[Result "0-1"]
[WhiteElo "1689"]
[BlackElo "1632"]
[PlyCount "76"]
[EventDate "2019.04.18"]
[EventType "swiss"]
[EventRounds "9"]
[EventCountry "CAN"]

1. c4 b6 2. Nc3 Bb7 3. e4 e6 4. d4 Bb4 5. Qc2 Qh4 6. Bd3 f5 7. d5 fxe4 8. Bxe4
Nf6 9. Bf3 Qxc4 10. dxe6 Bxf3 11. exd7+ Nbxd7 12. Nxf3 O-O-O 13. a3 Rhe8+ 14.
Be3 Bxc3+ 15. Qxc3 Qxc3+ 16. bxc3 Nd5 17. Kd2 Nxe3 18. fxe3 Nc5+ 19. Kc2 Rxe3
20. Rhe1 Rdd3 21. Rxe3 Rxe3 22. Kd2 Rxf3 23. gxf3 Nb3+ 24. Kc2 Nxa1+ 25. Kb2
Kd7 26. Kxa1 Kd6 27. Kb2 b5 28. Kb3 a5 29. c4 c6 30. a4 b4 31. Kc2 g5 32. Kd3
Kc5 33. h3 h6 34. h4 gxh4 35. f4 h3 36. f5 h2 37. f6 h1=Q 38. f7 Qf3+ 0-1

[Event "CAN-ch U1900"]
[Site "Kingston CAN"]
[Date "2019.04.20"]
[Round "4.37"]
[White "Laurin, Marcel"]
[Black "Frangakis, Evan"]
[Result "1-0"]
[WhiteElo "1680"]
[BlackElo "1547"]
[PlyCount "85"]
[EventDate "2019.04.18"]
[EventType "swiss"]
[EventRounds "9"]
[EventCountry "CAN"]

1. d4 d5 2. Nf3 Nf6 3. Bf4 c6 4. h3 Bf5 5. e3 e6 6. Bd3 Qa5+ 7. c3 Be4 8. b4
Qb6 9. a4 a5 10. b5 Nbd7 11. O-O Be7 12. Bxe4 Nxe4 13. Qd3 O-O 14. c4 Rfc8 15.
c5 Qd8 16. b6 Bf6 17. Ra2 e5 18. Bh2 Qe7 19. Qc2 Re8 20. Nbd2 Nxd2 21. Qxd2 g6
22. Re1 e4 23. Bd6 Qe6 24. Nh2 h5 25. f4 Bh4 26. Rf1 Kh7 27. Kh1 Rg8 28. Qe2
Rg7 29. g3 Bf6 30. g4 hxg4 31. hxg4 Bd8 32. Qg2 Bxb6 33. Raf2 f5 34. Rg1 Bd8
35. gxf5 Qxf5 36. Be5 Rf7 37. Qg4 Qxg4 38. Nxg4 Bf6 39. Rh2+ Kg7 40. Bxf6+ Nxf6
41. Ne5 Re7 42. Rxg6+ Kf8 43. Rh8+ 1-0

[Event "CAN-ch U1900"]
[Site "Kingston CAN"]
[Date "2019.04.20"]
[Round "4.38"]
[White "Lesage, Pierre"]
[Black "Dupont-Mageau, Nicolas"]
[Result "0-1"]
[WhiteElo "1676"]
[BlackElo "1459"]
[PlyCount "88"]
[EventDate "2019.04.18"]
[EventType "swiss"]
[EventRounds "9"]
[EventCountry "CAN"]

1. Nf3 Nf6 2. g3 c5 3. Bg2 d6 4. d3 g6 5. e4 Bg7 6. O-O Nc6 7. c3 O-O 8. Re1
Bg4 9. h3 Bd7 10. Nbd2 Qc8 11. Kh2 Re8 12. a4 a6 13. Nc4 Qc7 14. a5 Rab8 15.
Nb6 Bc8 16. Kg1 Nxa5 17. Nd5 Qd8 18. Bg5 Nc6 19. Qb3 b5 20. Qc2 e6 21. Nxf6+
Bxf6 22. Bh6 Bg7 23. Bxg7 Kxg7 24. Red1 Qb6 25. d4 c4 26. Qe2 e5 27. dxe5 dxe5
28. Rd6 Qc7 29. Rad1 Kg8 30. Qd2 Nd4 31. Rd5 Bb7 32. cxd4 Bxd5 33. exd5 e4 34.
Ne5 f5 35. Qg5 Qd8 36. Qh6 Qxd5 37. Qf4 Rbd8 38. Qe3 Rxe5 39. f4 Re7 40. Bf3
Red7 41. Be2 Qf7 42. h4 Qg7 43. b3 Rxd4 44. Bxc4+ bxc4 0-1

[Event "CAN-ch U1900"]
[Site "Kingston CAN"]
[Date "2019.04.20"]
[Round "4.39"]
[White "Dickaon, Kirk Johannes"]
[Black "Lemieux, Richard"]
[Result "1-0"]
[WhiteElo "1682"]
[BlackElo "1802"]
[PlyCount "65"]
[EventDate "2019.04.18"]
[EventType "swiss"]
[EventRounds "9"]
[EventCountry "CAN"]

1. d4 Nf6 2. e3 e6 3. Bd3 d5 4. Nd2 c5 5. c3 Be7 6. f4 Nc6 7. Ngf3 c4 8. Bc2 b5
9. O-O h5 10. Ne5 Bb7 11. Rf3 Ng4 12. h3 Nh6 13. Rg3 Nxe5 14. fxe5 g6 15. e4
Kd7 16. Qe2 h4 17. Rf3 Rf8 18. Nxc4 dxe4 19. Bxe4 Bxe4 20. Qxe4 Nf5 21. Qb7+
Qc7 22. Qxb5+ Kc8 23. Qa6+ Kd7 24. Ne3 Ng3 25. Ng4 Nf5 26. b3 Rab8 27. Ba3 Rb6
28. Qa4+ Kc8 29. Bxe7 Nxe7 30. Rxf7 Rd8 31. Qa3 Rd7 32. Nf6 Qxc3 33. Rc1 1-0